000 00940nam a22003257a 4500
003 CHAP
005 20220817041007.0
008 971013s1988 r 00010 d
010 _a4161
011 _a5133
035 _a4339
040 _cCHAP
090 _aFolleto 13276
100 0 0 _aSosa Pérez, Jorge H.
_9108825
245 _aSobre poda en setos
260 _aLa Habana :
_bInstituto Superior de Ciencias Agropecuarias,
_c1988
300 _a28 p
490 _aMonografía
_v; 16/1988
500 _aD52-246
590 _aBATCH-UPD
_b10
_c20130110
_lUCH01
_h1123
590 _aBATCH-UPD
_b10
_c20130410
_lUCH01
_h0713
590 _aBATCH-UPD
_b10
_c20130914
_lUCH01
_h1829
590 _aCONVERSION
_b10
_c20130109
_lUCH01
_h1303
650 1 4 _aArboles frutales.
650 1 4 _aPoda.
_989467
830 0 _aMonografía
_v; 16/1988
_977546
901 _aBK
942 _cFOLL
949 _aFolleto 13276
_bBC
_cFOLL
_d-13876
_eTS1
_i4339
_mD
_si
999 _c4161
_d4161